| 000 | 00500cam a2200157 4500 | ||
|---|---|---|---|
| 008 | 120618n 000 0 eng u | ||
| 020 | _a9780750947152 | ||
| 035 | _a(Sirsi) a176518 | ||
| 050 | _aPN50 TEI 2007 | ||
| 100 | _aTeimourian, Hazhir | ||
| 245 |
_aOmar khayyam: _bpoet, rebel and astronomer/ _cHazhir Teimourian |
||
| 260 |
_aGloucestershire: _bSutton, _c2007. |
||
| 300 |
_ax, 365p.: _bill. |
||
| 504 | _aIncludes bibliographical referenves and index | ||
| 650 | _aLiterature and history | ||
| 999 |
_c118564 _d118564 |
||